Cities in Tennessee by picture - Statistics

General Stats
  • This quiz has been taken 34 times
    9 since last reset
  • The average score is 6 of 16
Answer Stats
Picture Answer % Correct
Nashville
100%
Chattanooga
83%
Knoxville
83%
Memphis
83%
Clarksville
50%
Jackson
50%
Johnson City
50%
Kingsport
33%
Pigeon Forge
33%
Columbia
17%
Gallatin
17%
Bristol
0%
Collierville
0%
Hendersonville
0%
Kingston
0%
Union City
0%
No matching quizzes found
Score Distribution
Percent of People with Each Score
Percentile by Number Answered
Your Score History
You have not taken this quiz since the last reset